zpět

Detail výsledku týmu

Dřevák, Chomutov

Datum a čas kvízu

35.5 Celkem bodů Celkový počet nahraných bodů na tomto kvízu bez doplňovacích otázek.
5. Pořadí na kvízu Konečné umístění týmu na tomto kvízu.

Zaznamenané odpovědi

# Otázka Odpověď Body Výsledky
1. V neděli se v Brně konal 11. r... švihlá chůze 1
2. Polský velmistr Jan-Krzystof D... nepodal mu ruku 0
3. Jeden český muzikant si dal mi... Mirai Navrátil 1
4. Společnost Microsoft se rozhod... Copilot 0
5. Kolik gólů během posledních dv... 4 branky 1
6. Rok 2023 je již za námi, spole... D 0
7. Mnoho let se tvůrci pokoušeli... One Piece; Netflix 0
8. Do zákulisí kterého legendární... Tour de France 0
9. Na motivy díla kterého americk... E. A. Poe 1
10. V poslední otázce se podíváme... Banáni 1